• 首页
  • 本馆介绍
  • 公告通知
  • 最新文献
  • 馆藏检索
  • 电子资源
  • 读者导购
  • 参考咨询
  • 我的图书馆
  • 登录
  • 详细信息显示
  • 放入我的书架
  • 预约/预借图书
  • 作者相关作品
  • 分类相关作品
  • 丛书相关作品
  • 出版社相关作品

书目信息

  • 表格格式
  • 工作单格式
  • 卡片格式
题名:
粉末冶金材料工程
    
 
作者: 韩凤麟 , 马福康 , 曹勇家 主编 ;中国机械工程学会 , 中国材料研究学会 , 中国材料工程大典编委会 编
分册:  
出版信息: 北京   化学工业出版社  2006.01
页数: 12,1062页
开本: 30cm
丛书名: 中国材料工程大典
单 册:
中图分类: TF123 , TF12-62
科图分类:
主题词: 粉末冶金--手册 , 粉末冶金--手册 , 工程材料 , 粉末冶金
电子资源:
ISBN: 7-5025-7316-X
000 01406nam0 2200373 450
001 003029882
005 20060124163751.0
010    @a7-5025-7316-X@b精装@dCNY200.00
100    @a20051207d2006 emky0chiy0110 ea
101 0  @achi
102    @aCN@b110000
105    @aa z 000yy
106    @ar
200 1  @a粉末冶金材料工程@Afen mo ye jin cai liao gong cheng@f韩凤麟,马福康,曹勇家主编@g中国机械工程学会,中国材料研究学会,中国材料工程大典编委会[编]
210    @a北京@c化学工业出版社@d2006.01
215    @a12,1062页@c照片,图@d30cm
225 2  @a中国材料工程大典@v14
330    @a本卷内容主要包括概论、金属粉末生产与特性、金属粉末性能测试与相应标准、成形与固结、后续加工与质量控制、粉末冶金材料、粉末冶金材料应用与新发展等7篇。
410  0 @12001 @a中国材料工程大典
606 0  @a粉末冶金@j手册
606 0  @a粉末冶金@j手册
606 0  @a工程材料
606 0  @a粉末冶金
690    @aTF123@v5
690    @aTF12-62@v4
701  0 @a韩凤麟@Ahan feng lin@4主编
701  0 @a马福康@Ama fu kang@c(有色金属)@4主编
701  0 @a曹勇家@Acao yong jia@4主编
712 02 @a中国机械工程学会@9zhong guo ji xie gong cheng xue hui@4编
712 02 @a中国材料研究学会@9zhong guo cai liao yan jiu xue hui@4编
712 02 @a中国材料工程大典编委会@9zhong guo cai liao gong cheng da dian bian wei hui@4编
801  0 @aCN@bJiuFeng@c20060125
905    @aBZT@dTF123@e1
906    @dCNY200.00@n0@r1
    
    粉末冶金材料工程/韩凤麟,马福康,曹勇家主编/中国机械工程学会,中国材料研究学会,中国材料工程大典编委会[编].-北京:化学工业出版社,2006.01
    12,1062页:照片,图;30cm.-(中国材料工程大典;14)
    
    
    ISBN 7-5025-7316-X(精装):CNY200.00
    本卷内容主要包括概论、金属粉末生产与特性、金属粉末性能测试与相应标准、成形与固结、后续加工与质量控制、粉末冶金材料、粉末冶金材料应用与新发展等7篇。
●
相关链接 在五车中查询图书 在当当中查询图书 在豆瓣中查询图书


正题名:粉末冶金材料工程     索取号:TF123/1         预约/预借

序号 登录号 条形码 馆藏地/架位号 状态 备注
1 746375   2000746375   中心书库中库/ 中库027架B面8列3层10/ [索取号:TF123/1] 在馆    
2 746376   2000746376   中心书库中库/ 中库027架B面8列3层9/ [索取号:TF123/1] 在馆    
3 746377   2000746377   中心书库中库/ 中库027架B面9列1层12/ [索取号:TF123/1] 在馆    
4 746378   2000746378   中心书库中库/ 中库027架B面8列5层6/ [索取号:TF123/1] 在馆    
5 746379   2000746379   中心书库中库/ 中库027架B面8列3层12/ [索取号:TF123/1] 在馆    
6 789791   2000789791   中心书库中库/ 中库027架B面8列6层12/ [索取号:TF123/1] 在馆    
7 789792   2000789792   中心书库中库/ 中库027架B面9列3层14/ [索取号:TF123/1] 在馆    
8 789793   2000789793   中心书库中库/ 中库027架B面9列2层1/ [索取号:TF123/1] 在馆    
9 789794   2000789794   中心书库中库/ 中库041架B面3列4层3/ [索取号:TF123/1] 在馆    
10 789795   2000789795   中心书库中库/ 中库027架B面8列2层3/ [索取号:TF123/1] 在馆    
11 789796   2000789796   中心书库中库/ 中库027架B面8列4层8/ [索取号:TF123/1] 在馆    
山东省滨州职业学院图书馆 欢迎您!
大连网信软件有限公司© 版权所有